[Event "Spring Scrapper"]
[Site "SchemingMind.com"]
[Date "2015.04.26"]
[Round "-"]
[White "fouche"]
[Black "kenneth m day"]
[Result "0-1"]
[WhiteCountry "COL"]
[BlackCountry "USA"]
[WhiteElo "1625"]
[WhiteRD "60"]
[BlackElo "1630"]
[BlackRD "54"]
[GameID "379021"]

1. d4 d5 2. Nf3 Nf6 3. e3 Bf5 4. Bd3 Bxd3 5. Qxd3 e6 6. O-O Nc6 7. a3 Bd6 8. Nbd2 O-O 9. Re1 h6 10. c4 Re8
11. cxd5 exd5 12. b4 Ne4 13. Bb2 Qf6 14. Qc2 Qg6 15. Nxe4 dxe4 16. Nd2 Ne7 17. Qxe4 Nf5 18. Qxb7 Nh4 19. g3 Qg4 20. Rac1 Reb8
21. Qe4 Qxe4 22. Nxe4 Nf3+ 23. Kg2 Nxe1+ 24. Rxe1 Be7 25. Rc1 Bd6 26. Nd2 f5 27. Nf3 a5 28. Nh4 axb4 29. axb4 Rxb4 30. Bc3 Rc4
31. Bd2 Rxc1 32. Bxc1 Ra5 33. Bd2 Rb5 34. Ng6 Kf7 35. Nf4 Kf6 36. Bc3 g5 37. Nh5+ Kg6 38. g4 fxg4 39. Ng3 Bxg3 40. hxg3 Kf5
41. Bd2 Ke4 42. Bc3 Kd3 43. Be1 Ke2 44. Bc3 Rb3 45. Ba5 c6 46. Bc7 Rb2 47. e4 Kd3 48. e5 Kxd4 49. Kf1 Rb7 50. Bd6 Kd5
51. Ke2 Rd7 52. Kd3 Rxd6 53. exd6 Kxd6 54. Ke4 c5 55. Kf5 c4 56. Kg6 c3 57. Kxh6 c2 58. Kxg5 c1=Q+ 59. Kxg4 Ke6 60. f4 Kf6
61. Kf3 Qd1+
0-1

[Event "Spring Scrapper"]
[Site "SchemingMind.com"]
[Date "2015.04.27"]
[Round "-"]
[White "kenneth m day"]
[Black "fouche"]
[Result "0-1"]
[WhiteCountry "USA"]
[BlackCountry "COL"]
[WhiteElo "1662"]
[WhiteRD "51"]
[BlackElo "1613"]
[BlackRD "65"]
[GameID "379022"]

1. e4 c6 2. c4 d5 3. cxd5 cxd5 4. exd5 Qxd5 5. Nc3 Qe6+ 6. Be2 Nf6 7. Nf3 Qg4 8. O-O e6 9. d4 Bb4 10. Bd2 O-O
11. h3 Qh5 12. Ne5 Qf5 13. Bd3 Qh5 14. Qxh5 Nxh5 15. g4 Nf6 16. a3 Ba5 17. b4 Bb6 18. Nb5 Nc6 19. Nxc6 bxc6 20. Nd6 Bxd4
21. Rac1 Nd5 22. Rxc6 Bd7 23. Rc4 Bb2 24. Bc1 Be5 25. Ne4 Bb5 26. f4 Bxc4 27. Bxc4 Bd4+ 28. Kh2 a5 29. b5 Rfc8 30. Nd6 Rd8
31. Ne4 Be3 32. Bxd5 exd5 33. Nf6+ gxf6 34. Bxe3 d4 35. Bd2 a4 36. Rb1 Rac8 37. Rb2 d3 38. b6 Rb8 39. Kg3 Rb7 40. Kf3 Kf8
41. Ke3 Ke8 42. Rb4 Rd6 43. Rxa4 Rbxb6 44. Ra8+ Kd7 45. Ra7+ Ke6 46. Bb4 Rxb4 47. axb4 d2
0-1

[Event "Spring Scrapper"]
[Site "SchemingMind.com"]
[Date "2015.04.29"]
[Round "-"]
[White "fouche"]
[Black "Scooter"]
[Result "0-1"]
[WhiteCountry "COL"]
[BlackCountry "USA"]
[WhiteElo "1545"]
[WhiteRD "60"]
[BlackElo "1716"]
[BlackRD "45"]
[GameID "379052"]

1. e4 c6 2. d4 d5 3. exd5 cxd5 4. c4 Nf6 5. Nc3 Nc6 6. Nf3 Bg4 7. Qd3 dxc4 8. Qxc4 Bxf3 9. gxf3 Nxd4 10. Be2 Nc2+
11. Kf1 Nxa1 12. Qa4+ Nd7 13. Kg2 a6 14. Rd1 b5 15. Nxb5 axb5 16. Qxb5 Nc2 17. Qb3 Na1 18. Qb7 Rb8 19. Qc6 Rb6 20. Qa4 Rd6
0-1

[Event "Spring Scrapper"]
[Site "SchemingMind.com"]
[Date "2015.04.29"]
[Round "-"]
[White "Scooter"]
[Black "fouche"]
[Result "1-0"]
[WhiteCountry "USA"]
[BlackCountry "COL"]
[WhiteElo "1716"]
[WhiteRD "45"]
[BlackElo "1545"]
[BlackRD "60"]
[GameID "379053"]

1. d4 d5 2. Nf3 Nf6 3. Bf4 Bf5 4. e3 e6 5. Bd3 Bxd3 6. Qxd3 Bd6 7. Bxd6 Qxd6 8. c3 Nbd7 9. Nbd2 O-O-O 10. O-O Kb8
11. Rfe1 Rhe8 12. c4 dxc4 13. Nxc4 Qb4 14. a3 Qf8 15. Qb3 Ne4 16. Na5 Nb6 17. Rac1 h6 18. Red1 g5 19. Qc2 Rd7 20. Qxe4 c6
21. Ne5 Rd5 22. Naxc6+ bxc6 23. Nxc6+ Kb7 24. Nb4 f5 25. Qf3 Rd8 26. Nxd5 exd5 27. Rc5 g4 28. Qf4 Qg7 29. Rdc1 Rd7 30. Qxf5
1-0

[Event "Spring Scrapper"]
[Site "SchemingMind.com"]
[Date "2015.04.27"]
[Round "-"]
[White "Scooter"]
[Black "kenneth m day"]
[Result "0-1"]
[WhiteCountry "USA"]
[BlackCountry "USA"]
[WhiteElo "1726"]
[WhiteRD "46"]
[BlackElo "1733"]
[BlackRD "54"]
[GameID "379054"]

1. d4 f5 2. Bf4 Nf6 3. Nf3 d6 4. e3 g6 5. h3 Bg7 6. Be2 O-O 7. O-O c5 8. c3 Nc6 9. Nbd2 b6 10. Bb5 Bb7
11. Re1 a6 12. Bxc6 Bxc6 13. Bg5 Re8 14. Rb1 Rc8 15. Nc4 b5 16. Ncd2 h6 17. Bxf6 Bxf6 18. dxc5 dxc5 19. Nb3 Be4 20. Qxd8 Rexd8
21. Red1 Bxb1
0-1

[Event "Spring Scrapper"]
[Site "SchemingMind.com"]
[Date "2015.04.27"]
[Round "-"]
[White "kenneth m day"]
[Black "Scooter"]
[Result "1-0"]
[WhiteCountry "USA"]
[BlackCountry "USA"]
[WhiteElo "1769"]
[WhiteRD "52"]
[BlackElo "1716"]
[BlackRD "45"]
[GameID "379055"]

1. e4 c6 2. d4 d5 3. f3 dxe4 4. fxe4 Nf6 5. Nc3 Bg4 6. Nf3 e6 7. Be2 Bb4 8. O-O Nbd7 9. Bd2 Bxc3 10. Bxc3 O-O
11. h3 Bxf3 12. Bxf3 Re8 13. Qd3 Rb8 14. Rad1 h6 15. Bd2 Qb6 16. b3 Rbd8 17. Be3 Qc7 18. c4 Ne5 19. Qc2 Nxf3+ 20. Rxf3 Nh5
21. Qf2 Nf6 22. Qh4 Qe7 23. Rg3 Kh8 24. Bxh6 g6 25. Bf8+
1-0

[Event "Spring Scrapper"]
[Site "SchemingMind.com"]
[Date "2015.05.07"]
[Round "-"]
[White "fouche"]
[Black "emvarela"]
[Result "0-1"]
[WhiteCountry "COL"]
[BlackCountry "ARG"]
[WhiteElo "1596"]
[WhiteRD "62"]
[BlackElo "1740"]
[BlackRD "48"]
[GameID "379320"]

1. d4 d5 2. Nf3 Nf6 3. e3 e6 4. Bd3 h6 5. O-O c5 6. c3 cxd4 7. exd4 Nc6 8. Re1 Bd6 9. Nbd2 O-O 10. Ne5 Bxe5
11. dxe5 Nd7 12. Nf3 Nc5 13. Bc2 b6 14. Nd4 Nxd4 15. cxd4 Nd7 16. Bd3 f5 17. exf6 Qxf6 18. Be3 e5 19. dxe5 Nxe5 20. Rc1 Be6
21. Rc2 Nxd3 22. Qxd3 Rac8 23. Rxc8 Rxc8 24. Bd4 Qf7 25. Qg3 Rc6 26. h4 Kh7 27. Qd3+ Bf5 28. Qg3 Rg6 29. Qe5 Re6 30. Qxg7+ Qxg7
31. Bxg7 Kxg7 32. Kf1 Bd3+
0-1

[Event "Spring Scrapper"]
[Site "SchemingMind.com"]
[Date "2015.05.07"]
[Round "-"]
[White "emvarela"]
[Black "fouche"]
[Result "0-1"]
[WhiteCountry "ARG"]
[BlackCountry "COL"]
[WhiteElo "1735"]
[WhiteRD "50"]
[BlackElo "1613"]
[BlackRD "65"]
[GameID "379321"]

1. e4 e6 2. d4 d5 3. Nc3 Bb4 4. e5 c5 5. a3 cxd4 6. axb4 dxc3 7. bxc3 Ne7 8. Bb5+ Nbc6 9. Be3 Bd7 10. Bxc6 Nxc6
11. Nf3 Qc7 12. Bd4 O-O 13. O-O Rac8 14. Qd3 a6 15. Rfc1 Qd8 16. Bc5 Re8 17. Nd4 Nxe5 18. Qg3 Qc7 19. Nb3 Nc4 20. Qxc7 Rxc7
21. Kf1 e5 22. Ke2 f5 23. Nd2 b6 24. Nxc4 bxc5 25. Ne3 d4 26. cxd4 cxd4 27. Nd5 Ra7 28. c4 Kf7 29. b5 Rea8 30. b6 Rb7
31. c5 Bc6 32. Nc7 Rab8 33. Nxa6 Rc8 34. f3 Ke6 35. Nb4 g5 36. Nxc6 Rxc6 37. Ra7 Rb8 38. Rxh7 Rbxb6 39. Rh6+ Kd5 40. Rh5 Rb2+
41. Kf1 Rxc5 42. Rxc5+ Kxc5 43. Rxg5 Kd5 44. Rxf5 d3 45. Rf8 Kd4 46. h4 Ke3 47. g4 Rb1+
0-1

[Event "Spring Scrapper"]
[Site "SchemingMind.com"]
[Date "2015.05.07"]
[Round "-"]
[White "emvarela"]
[Black "Scooter"]
[Result "1-0"]
[WhiteCountry "ARG"]
[BlackCountry "USA"]
[WhiteElo "1740"]
[WhiteRD "48"]
[BlackElo "1712"]
[BlackRD "45"]
[GameID "379322"]

1. e4 c6 2. d4 d5 3. exd5 cxd5 4. c4 Nf6 5. Nc3 e6 6. Nf3 Be7 7. Bg5 O-O 8. Bxf6 Bxf6 9. c5 Nc6 10. Be2 e5
11. dxe5 Nxe5 12. Nxe5 Bxe5 13. Nxd5 Bxb2 14. Rb1 Bf6 15. Nxf6+ Qxf6 16. O-O Rd8 17. Qb3 Qe5 18. Bc4 Rd7 19. Rbe1 Qxc5 20. Re8+ Qf8
21. Rxf8+ Kxf8 22. Qb4+ Kg8 23. Re1 g6 24. Re8+ Kg7 25. Qf8+ Kf6 26. Qh8+ Kg5 27. f4+
1-0

[Event "Spring Scrapper"]
[Site "SchemingMind.com"]
[Date "2015.05.07"]
[Round "-"]
[White "Scooter"]
[Black "emvarela"]
[Result "0-1"]
[WhiteCountry "USA"]
[BlackCountry "ARG"]
[WhiteElo "1713"]
[WhiteRD "49"]
[BlackElo "1735"]
[BlackRD "50"]
[GameID "379323"]

1. d4 d5 2. Nf3 e6 3. Bf4 Bd6 4. Bxd6 Qxd6 5. c3 Nd7 6. e3 c5 7. Bb5 cxd4 8. Bxd7+ Bxd7 9. exd4 Nf6 10. O-O O-O
11. Nbd2 b5 12. Ne5 Rad8 13. Re1 a5 14. h3 Bc6 15. Ndf3 Nd7 16. Nxd7 Bxd7 17. Qc2 f6 18. Re2 b4 19. Rae1 Rc8 20. Re3 bxc3
21. Rxc3 Rxc3 22. bxc3 Rc8 23. Nd2 e5 24. dxe5 fxe5 25. Nf3 e4 26. Nd2 Bf5 27. Rd1 Qg6 28. g4 Bxg4 29. hxg4 Qxg4+ 30. Kf1 e3
31. fxe3 Rf8+ 32. Ke1 Qg3+ 33. Ke2 Rf2+ 34. Kd3 Qg6+ 35. e4 dxe4+ 36. Kc4 Qe6+ 37. Kd4 e3 38. c4 exd2 39. Rxd2 Qd6+ 40. Kc3 Qe5+
41. Kb3 Qe3+
0-1

[Event "Spring Scrapper"]
[Site "SchemingMind.com"]
[Date "2015.05.07"]
[Round "-"]
[White "emvarela"]
[Black "kenneth m day"]
[Result "1-0"]
[WhiteCountry "ARG"]
[BlackCountry "USA"]
[WhiteElo "1741"]
[WhiteRD "50"]
[BlackElo "1630"]
[BlackRD "54"]
[GameID "379324"]

1. e4 e5 2. Nf3 d6 3. d4 Nd7 4. dxe5 Nxe5 5. Nxe5 dxe5 6. Qxd8+ Kxd8 7. Bd3 Nf6 8. Bg5 Be7 9. Bxf6 Bxf6 10. Nc3 Be6
11. O-O-O Ke7 12. Nd5+ Kd6 13. Nxf6 gxf6 14. Bc4+ Ke7 15. Bxe6 fxe6 16. f3 Rad8 17. Rxd8 Rxd8 18. Rd1 f5 19. Rxd8 Kxd8 20. Kd2 Kd7
21. g4 f4 22. h4 Ke7 23. Kd3 Kf6 24. Kc4 Ke7 25. b4 Kd6 26. a4 a6 27. g5 Ke7 28. b5 a5 29. Kc5 Kf7 30. h5 Kg7
31. b6 c6 32. Kd6 Kf7 33. Kc7
1-0

[Event "Spring Scrapper"]
[Site "SchemingMind.com"]
[Date "2015.05.07"]
[Round "-"]
[White "kenneth m day"]
[Black "emvarela"]
[Result "0-1"]
[WhiteCountry "USA"]
[BlackCountry "ARG"]
[WhiteElo "1685"]
[WhiteRD "50"]
[BlackElo "1722"]
[BlackRD "46"]
[GameID "379325"]

1. e4 e5 2. f4 exf4 3. Nf3 Nf6 4. e5 Qe7 5. Qe2 Nd5 6. c4 Nb4 7. d4 d5 8. Bxf4 Bf5 9. Na3 Nd3+ 10. Kd1 Nxf4
11. Qe3 Ne6 12. Bd3 Bxd3 13. Qxd3 dxc4 14. Nxc4 Nc6 15. Ke1 O-O-O 16. d5 Nb4 17. Qe4 Nxd5 18. Kf2 Qc5+ 19. Kg3 Ndf4 20. Rac1 Qe7
21. Rhd1 Nh5+ 22. Kf2 Rxd1 23. Rxd1 g6 24. b3 Qc5+ 25. Kf1 Bh6 26. Rd5 Qc6 27. g3 Rd8 28. Rxd8+ Nxd8 29. Qxc6 Nxc6 30. Kf2 Kd7
31. Ke2 Ng7 32. g4 Ne6 33. Kd3 Bg7 34. Ke4 b5 35. Na3 a6 36. Nc2 Ne7 37. Ne3 f5+ 38. gxf5 gxf5+ 39. Nxf5 Nxf5 40. Kxf5 c5
41. h4 Nd4+ 42. Nxd4 cxd4 43. Ke4 d3 44. Kxd3 Bxe5 45. h5 Kd6 46. Ke4 Bg7 47. Kd3 Kc5 48. Kc2 Kb4 49. Kb1 Ka3
0-1

[Event "Spring Scrapper"]
[Site "SchemingMind.com"]
[Date "2015.05.04"]
[Round "-"]
[White "fouche"]
[Black "jerryface"]
[Result "1-0"]
[WhiteCountry "COL"]
[BlackCountry "USA"]
[WhiteElo "1596"]
[WhiteRD "62"]
[BlackElo "1512"]
[BlackRD "72"]
[GameID "379426"]

1. e4 d5 2. exd5 c6 3. d4 Nf6 4. Nf3 cxd5 5. Bd3 Bg4 6. O-O Nc6 7. a3 Bxf3 8. Qxf3 Nxd4 9. Qd1 Rc8 10. c3 Ne6
11. Nd2 Nf4 12. Bc2 e5 13. Nf3 Bd6 14. h3 O-O 15. Bxf4 exf4 16. Qd3 g6 17. Rfe1 Qb6 18. Rab1 Bc5 19. Re2 Rce8 20. b4 Bd6
21. Rbe1 Rxe2 22. Rxe2 h6 23. Nd4 Rc8 24. Ne6 a5 25. Kf1 axb4 26. axb4 Be7 27. Nxf4 Re8 28. Nxg6 fxg6 29. Qxg6+ Kh8 30. Qxh6+ Kg8
31. Re5 Bf8 32. Rg5+ Bg7 33. Qxg7#
1-0

[Event "Spring Scrapper"]
[Site "SchemingMind.com"]
[Date "2015.05.05"]
[Round "-"]
[White "jerryface"]
[Black "fouche"]
[Result "1-0"]
[WhiteCountry "USA"]
[BlackCountry "COL"]
[WhiteElo "1644"]
[WhiteRD "84"]
[BlackElo "1542"]
[BlackRD "62"]
[GameID "379427"]

1. e4 e5 2. f4 exf4 3. d4 d5 4. e5 Bb4+ 5. c3 Ba5 6. b4 Bb6 7. Bxf4 Be6 8. Nf3 Nd7 9. Bg5 Ne7 10. Bb5 c6
11. Bd3 O-O 12. Qc2 Re8 13. Bxh7+ Kh8 14. Bxe7 Qxe7 15. Bf5 f6 16. Nh4 a5 17. Ng6+
1-0

[Event "Spring Scrapper"]
[Site "SchemingMind.com"]
[Date "2015.05.09"]
[Round "-"]
[White "emvarela"]
[Black "jerryface"]
[Result "1-0"]
[WhiteCountry "ARG"]
[BlackCountry "USA"]
[WhiteElo "1735"]
[WhiteRD "50"]
[BlackElo "1451"]
[BlackRD "70"]
[GameID "379428"]

1. e4 e5 2. Nf3 Nc6 3. Bb5 a6 4. Bxc6 dxc6 5. O-O Bd6 6. d4 Qe7 7. dxe5 Bxe5 8. Nxe5 Qxe5 9. Nc3 Nf6 10. Re1 O-O
11. Qf3 Ng4 12. Bf4 Qf6 13. h3 Ne5 14. Bxe5 Qxe5 15. Re3 Be6 16. Qg3 Qxg3 17. Rxg3 Rad8 18. Rd3 Rxd3 19. cxd3 Rd8 20. Rd1 b6
21. f4 b5 22. f5
1-0

[Event "Spring Scrapper"]
[Site "SchemingMind.com"]
[Date "2015.05.09"]
[Round "-"]
[White "jerryface"]
[Black "emvarela"]
[Result "0-1"]
[WhiteCountry "USA"]
[BlackCountry "ARG"]
[WhiteElo "1451"]
[WhiteRD "70"]
[BlackElo "1735"]
[BlackRD "50"]
[GameID "379429"]

1. e4 e5 2. Nf3 Nc6 3. Bb5 a6 4. Ba4 d6 5. Bxc6+ bxc6 6. O-O Bg4 7. h3 Bh5 8. g4 Bg6 9. Nc3 Be7 10. d4 exd4
11. Qxd4 Bf6 12. e5 dxe5 13. Qxd8+ Rxd8 14. Bg5 Bxg5 15. Nxg5 f6 16. Ne6 Rd7 17. Nxg7+ Rxg7 18. Kg2 h5 19. Rac1 hxg4 20. hxg4 Rgh7
0-1

[Event "Spring Scrapper"]
[Site "SchemingMind.com"]
[Date "2015.05.04"]
[Round "-"]
[White "Scooter"]
[Black "jerryface"]
[Result "1-0"]
[WhiteCountry "USA"]
[BlackCountry "USA"]
[WhiteElo "1712"]
[WhiteRD "45"]
[BlackElo "1512"]
[BlackRD "72"]
[GameID "379430"]

1. d4 Nf6 2. Nf3 g6 3. Bf4 Bg7 4. e3 O-O 5. Be2 d6 6. O-O Nbd7 7. Nbd2 Nd5 8. Bg3 f5 9. c4 N5f6 10. Ng5 c5
11. Ne6 Qe8 12. Nc7 Qd8 13. Nxa8 b6 14. Qa4 a5 15. Bf3 cxd4 16. exd4 e5 17. dxe5 dxe5 18. Bc6 h6 19. Qb5 f4 20. Bxd7 Nxd7
21. Qd5+ Kh8 22. Bxf4 exf4 23. Rab1 Ba6 24. b3 Qxa8 25. Qxd7 f3 26. Nxf3 Rd8 27. Qg4 g5 28. Qh5 Kg8 29. Rbd1 Rxd1 30. Rxd1 Bb7
31. Rd7 Bc6 32. Qf7+ Kh7 33. Qxg7#
1-0

[Event "Spring Scrapper"]
[Site "SchemingMind.com"]
[Date "2015.05.04"]
[Round "-"]
[White "jerryface"]
[Black "Scooter"]
[Result "0-1"]
[WhiteCountry "USA"]
[BlackCountry "USA"]
[WhiteElo "1512"]
[WhiteRD "72"]
[BlackElo "1712"]
[BlackRD "45"]
[GameID "379431"]

1. e4 c6 2. d4 d5 3. e5 Bf5 4. Nf3 e6 5. Bd3 Bxd3 6. Qxd3 Nd7 7. Bg5 Be7 8. Nbd2 Bxg5 9. Nxg5 Qxg5 10. O-O Ne7
11. Nf3 Qf5 12. Qe3 Qxc2 13. b3 Qg6 14. Ng5 Nf5 15. Qd2 Nxd4 16. Qxd4 Qxg5 17. f4 Qe7 18. Rac1 O-O 19. Rf3 c5 20. Qa4 Nb6
21. Qb5 Qd8 22. Rxc5 a6 23. Qd3 Rc8 24. Rh3 g6 25. Rxc8 Qxc8 26. Qd4 Qc1+ 27. Kf2 Qc7 28. a4 Nd7 29. b4 Qc2+
0-1

[Event "Spring Scrapper"]
[Site "SchemingMind.com"]
[Date "2015.05.05"]
[Round "-"]
[White "kenneth m day"]
[Black "jerryface"]
[Result "1-0"]
[WhiteCountry "USA"]
[BlackCountry "USA"]
[WhiteElo "1662"]
[WhiteRD "51"]
[BlackElo "1451"]
[BlackRD "70"]
[GameID "379432"]

1. e4 e5 2. f4 exf4 3. Nf3 g5 4. Nc3 g4 5. Bc4 gxf3 6. Qxf3 c6 7. Qh5 d5 8. exd5 Nf6 9. Qe5+ Qe7 10. d4 cxd5
11. Be2 Bg4 12. Bxf4 h5 13. O-O-O Nbd7 14. Qxe7+ Bxe7 15. Rde1 Kd8 16. Bb5 a6 17. Bd3 Bb4 18. Bd2 Re8 19. h3 Rxe1+ 20. Rxe1 Be6
21. a3 Bxc3 22. Bxc3 a5 23. Bd2 Rc8 24. Bxa5+ b6 25. Bb4
1-0

[Event "Spring Scrapper"]
[Site "SchemingMind.com"]
[Date "2015.05.04"]
[Round "-"]
[White "jerryface"]
[Black "kenneth m day"]
[Result "0-1"]
[WhiteCountry "USA"]
[BlackCountry "USA"]
[WhiteElo "1451"]
[WhiteRD "70"]
[BlackElo "1662"]
[BlackRD "51"]
[GameID "379433"]

1. e4 e5 2. Nf3 Nc6 3. Bb5 d6 4. Bxc6+ bxc6 5. O-O Nf6 6. Qe2 Be7 7. d3 O-O 8. c4 Bg4 9. h3 Bc8 10. Be3 Bb7
11. Rc1 Re8 12. c5 a5 13. d4 Ba6 14. Qc2 Qd7 15. Bd2 exd4 16. Bxa5 Bd8 17. Nbd2 d3 18. Qc3 Nxe4 19. Nxe4 Rxe4 20. cxd6 Qxd6
21. Nd2 Re2 22. Rd1 Bf6 23. Qb4 c5 24. Qg4 Rae8 25. Rab1 R8e5 26. Ne4 R2xe4 27. Qf3 c6 28. Rd2 Qd5
0-1

[Event "Spring Scrapper"]
[Site "SchemingMind.com"]
[Date "2015.05.06"]
[Round "-"]
[White "fouche"]
[Black "Simon Green"]
[Result "0-1"]
[WhiteCountry "COL"]
[BlackCountry "ENG"]
[WhiteElo "1545"]
[WhiteRD "60"]
[BlackElo "1606"]
[BlackRD "54"]
[GameID "379507"]

1. e4 e6 2. d4 d5 3. Nc3 Nf6 4. Bg5 Be7 5. e5 Nfd7 6. Bxe7 Qxe7 7. Bd3 c5 8. dxc5 Nxe5 9. Nf3 Nxf3+ 10. Qxf3 Qxc5
11. O-O O-O 12. Rae1 Nc6 13. h4 Bd7 14. h5 a6 15. g4 f6 16. Kg2 Nb4 17. a3 Nxd3 18. Qxd3 e5 19. Qg3 d4 20. Ne4 Qxc2
21. g5 Bc6 22. gxf6 Bxe4+ 23. Kh2 Rxf6 24. Kg1 Bd3 25. Qxe5 Bxf1 26. Rxf1 Qf5 27. Qxd4 Qxh5
0-1

[Event "Spring Scrapper"]
[Site "SchemingMind.com"]
[Date "2015.05.06"]
[Round "-"]
[White "Simon Green"]
[Black "fouche"]
[Result "0-1"]
[WhiteCountry "ENG"]
[BlackCountry "COL"]
[WhiteElo "1606"]
[WhiteRD "54"]
[BlackElo "1545"]
[BlackRD "60"]
[GameID "379508"]

1. d4 e6 2. e3 f5 3. Bd3 Nf6 4. f4 Be7 5. Nf3 O-O 6. Nbd2 h6 7. O-O b6 8. Ne5 d6 9. Ng6 Rf7 10. Qf3 Kh7
11. Qg3 Nh5 12. Nxe7 Nxg3
0-1

[Event "Spring Scrapper"]
[Site "SchemingMind.com"]
[Date "2015.05.11"]
[Round "-"]
[White "emvarela"]
[Black "Simon Green"]
[Result "1-0"]
[WhiteCountry "ARG"]
[BlackCountry "ENG"]
[WhiteElo "1740"]
[WhiteRD "48"]
[BlackElo "1559"]
[BlackRD "51"]
[GameID "379509"]

1. e4 e6 2. d4 d5 3. Nc3 Nf6 4. Bg5 Be7 5. e5 Nfd7 6. Bxe7 Qxe7 7. f4 f5 8. Nf3 O-O 9. Qd2 c5 10. O-O-O c4
11. a3 a6 12. Be2 Nc6 13. h3 b5 14. Na2 a5 15. g4 Rf7 16. g5 g6 17. c3 a4 18. h4 Nf8 19. h5 Bd7 20. hxg6 Nxg6
21. Nh4 Nxh4 22. Rxh4 Rg7 23. Rdh1 Be8 24. Bh5 Na5 25. Kc2 Nb3 26. Qh2 Bxh5 27. Rxh5 Ra7 28. Rh6 Qf7 29. Rf6 Qe7 30. Qh6 Na5
31. g6 Rxg6 32. Rxg6+ Kh8 33. Rxe6 Qf7 34. Qf6+ Qxf6 35. Rxf6 Rg7 36. Rf8+ Rg8 37. Rxg8+ Kxg8 38. Nb4
1-0

[Event "Spring Scrapper"]
[Site "SchemingMind.com"]
[Date "2015.05.11"]
[Round "-"]
[White "Simon Green"]
[Black "emvarela"]
[Result "0-1"]
[WhiteCountry "ENG"]
[BlackCountry "ARG"]
[WhiteElo "1559"]
[WhiteRD "51"]
[BlackElo "1740"]
[BlackRD "48"]
[GameID "379510"]

1. d4 Nf6 2. e3 d5 3. Bd3 e6 4. f4 c5 5. c3 c4 6. Bc2 Nc6 7. Nf3 Be7 8. O-O h6 9. Nbd2 O-O 10. Qe1 b5
11. Ne5 Nxe5 12. fxe5 Nh7 13. e4 Bb7 14. exd5 Bxd5 15. Nf3 Bxf3 16. Bxh7+ Kxh7 17. Rxf3 f5 18. exf6 Rxf6 19. Rxf6 Bxf6 20. Qxe6 Qf8
21. Qf5+ Kh8 22. Bf4 Bxd4+
0-1

[Event "Spring Scrapper"]
[Site "SchemingMind.com"]
[Date "2015.05.06"]
[Round "-"]
[White "Scooter"]
[Black "Simon Green"]
[Result "0-1"]
[WhiteCountry "USA"]
[BlackCountry "ENG"]
[WhiteElo "1716"]
[WhiteRD "45"]
[BlackElo "1606"]
[BlackRD "54"]
[GameID "379511"]

1. d4 e6 2. Nf3 d5 3. Bf4 Nf6 4. e3 c5 5. Bb5+ Nc6 6. c3 Bd7 7. O-O a6 8. Bxc6 Bxc6 9. Nbd2 c4 10. Re1 Be7
11. h3 O-O 12. Qc2 h6 13. Ne5 Bd6 14. Nxc6 bxc6 15. Bxd6 Qxd6 16. e4 Qc7 17. e5 Nd7 18. f4 c5 19. Nf3 f5 20. b3 cxb3
21. axb3 Nb6 22. Kh1 cxd4 23. Nxd4 Rfe8 24. Qd3 Nd7 25. b4 Qb6 26. Ra5 Rec8 27. Rea1 Rc4 28. Nxf5 Rxf4 29. Ne7+ Kf7 30. Rxa6 Rxa6
31. Rxa6 Nxe5 32. Qe2 Qc7 33. Qe3 Rf1+
0-1

[Event "Spring Scrapper"]
[Site "SchemingMind.com"]
[Date "2015.05.06"]
[Round "-"]
[White "Simon Green"]
[Black "Scooter"]
[Result "1/2-1/2"]
[WhiteCountry "ENG"]
[BlackCountry "USA"]
[WhiteElo "1606"]
[WhiteRD "54"]
[BlackElo "1716"]
[BlackRD "45"]
[GameID "379512"]

1. d4 Nf6 2. e3 g6 3. Bd3 Bg7 4. f4 O-O 5. Nf3 d5 6. O-O Bg4 7. Nbd2 Nbd7 8. Qe1 c5 9. c3 Bxf3 10. Nxf3 cxd4
11. exd4 a6 12. Ne5 e6 13. b3 Qc7 14. c4 dxc4 15. Bxc4 b5 16. Bd3 Rfd8 17. Be3 Nd5 18. Rc1 Qb7 19. Qd2 Bh6 20. Be4 Nxe5
21. Bxd5 Qxd5 22. fxe5 Bxe3+ 23. Qxe3 Qxd4 24. Qxd4 Rxd4 25. Rc7 Re4 26. Rfxf7 Rh4 27. Rce7 Rd8 28. g3 Rd1+ 29. Kf2 Rxh2+ 30. Ke3 Re1+
31. Kd4 Rd1+ 32. Kc5 Rd5+ 33. Kb6 Rxe5 34. Ra7 Rd5 35. Rfc7 Rf2 36. Rxh7 Rxa2 37. Rag7+ Kf8 38. Ra7 Kg8 39. Rag7+=
1/2-1/2

[Event "Spring Scrapper"]
[Site "SchemingMind.com"]
[Date "2015.05.06"]
[Round "-"]
[White "kenneth m day"]
[Black "Simon Green"]
[Result "1-0"]
[WhiteCountry "USA"]
[BlackCountry "ENG"]
[WhiteElo "1692"]
[WhiteRD "52"]
[BlackElo "1559"]
[BlackRD "51"]
[GameID "379513"]

1. e4 e6 2. d4 d5 3. Nc3 Nf6 4. e5 Nfd7 5. f4 c5 6. dxc5 Bxc5 7. Qg4 O-O 8. Bd3 f5 9. exf6 Nxf6 10. Qh4 Qb6
11. Nh3 Nbd7 12. Rf1 e5 13. Kd1 e4 14. Be2 Bb4 15. Qf2 Qxf2 16. Rxf2 Bxc3 17. bxc3 Nc5 18. Ba3 b6 19. Bb2 Bxh3 20. gxh3 Nfd7
21. Kd2 Ne5 22. Raf1 Nc4+ 23. Bxc4 dxc4 24. Ba3 Rad8+ 25. Ke3 Rf5 26. Bxc5 bxc5 27. Kxe4 g6 28. Rb1 Re8+ 29. Kf3 Re7 30. Rb8+ Kg7
31. Kg4 h5+ 32. Kg3 Re3+ 33. Rf3 Re2 34. Rf2 Rxf2 35. Kxf2 Rxf4+ 36. Kg3 g5 37. Rb7+ Kf6 38. Rxa7 h4+ 39. Kg2 g4 40. hxg4 Rxg4+
41. Kf3 Kf5 42. Rc7 Rf4+ 43. Kg2 Rg4+ 44. Kf2 Rf4+ 45. Kg2 Rg4+ 46. Kh3 Kf4 47. Rxc5 Ke3 48. Kxg4 Kd2 49. Rxc4
1-0

[Event "Spring Scrapper"]
[Site "SchemingMind.com"]
[Date "2015.05.06"]
[Round "-"]
[White "Simon Green"]
[Black "kenneth m day"]
[Result "0-1"]
[WhiteCountry "ENG"]
[BlackCountry "USA"]
[WhiteElo "1559"]
[WhiteRD "51"]
[BlackElo "1692"]
[BlackRD "52"]
[GameID "379514"]

1. d4 d5 2. e3 Bf5 3. f4 Nf6 4. Bd3 Bg4 5. Nf3 e6 6. O-O Nbd7 7. Nbd2 Bd6 8. Qe1 Qe7 9. Ne5 Bh5 10. Qg3 Bg6
11. Bxg6 hxg6 12. Ndf3 Ne4 13. Qg4 Ndf6 14. Nxg6 Nxg4 15. Nxe7 Kxe7 16. h3 Ngf6 17. Nd2 Ng3 18. Rf3 Nf5 19. g4 Nh4 20. Rg3 g5
21. Kf2 gxf4 22. exf4 Bxf4 23. Rb3 b6 24. Nf3 Ne4+ 25. Ke2 Bxc1 26. Rxc1 Ng6 27. Ne5 Nf4+ 28. Ke3 Nxh3 29. Rh1 Nhg5 30. Rxh8 Rxh8
31. Nc6+ Kd6 32. Nxa7 Rh3+ 33. Kf4 Rxb3 34. axb3 Nh3+ 35. Ke3 Nhg5 36. Nb5+ Kd7 37. c4 c6 38. Nc3 Kd6 39. Nxe4+ Nxe4 40. b4 Ng5
41. c5+ bxc5 42. bxc5+ Kc7 43. Kf4 Ne4 44. g5 Nd2 45. Ke5 Nb3 46. Kf6 Nxd4 47. Kxf7 Kd7 48. g6 Nf5
0-1

[Event "Spring Scrapper"]
[Site "SchemingMind.com"]
[Date "2015.05.06"]
[Round "-"]
[White "Simon Green"]
[Black "jerryface"]
[Result "1-0"]
[WhiteCountry "ENG"]
[BlackCountry "USA"]
[WhiteElo "1559"]
[WhiteRD "51"]
[BlackElo "1512"]
[BlackRD "72"]
[GameID "379515"]

1. d4 d5 2. e3 Nf6 3. Bd3 e6 4. f4 c5 5. c3 c4 6. Bc2 b5 7. Nf3 Bd6 8. O-O Ne4 9. Nbd2 Bb7 10. Nxe4 O-O
11. Nxd6 Qxd6 12. Ne5 f6 13. Bxh7+ Kxh7 14. Qh5+ Kg8 15. Ng6 Kf7 16. Nxf8+ Kxf8 17. Bd2 Nd7 18. Rf3 Ke7 19. Qg6 Kd8 20. Rh3 Qe7
21. Rh7 Qd6 22. Rxg7 Kc7 23. Qxf6 a5 24. Rf1 Re8 25. Qf7 Bc6 26. Qxe8 a4 27. f5 exf5 28. Rxf5 Kb6 29. Qg6 Qc7 30. Rxd5 Kb7
31. Qf5 Kc8 32. Rdxd7 Bxd7 33. e4 Bxf5 34. Rxc7+ Kxc7 35. exf5 Kd6 36. Bf4+ Ke7 37. g4 Kf6 38. d5
1-0